| 000 | 00925nam a2200169 a 4500 | ||
|---|---|---|---|
| 008 | 150508s1996 ||||||||||||||||| || u | ||
| 050 | _aGOV.ZAM(05)DPD/1996/103A | ||
| 110 | _aGovernment of the Republic of Zambia. National Assembly | ||
| 245 | 1 | 0 |
_aRepublic of Zambia. Daily parliamentary debates, official verbatim report of the debates of the fifth session of the seventh ... (1996) _cBy the National Assembly |
| 260 |
_aLusaka: _bGovernment Printer _c1996 |
||
| 300 | _avarious pagings | ||
| 350 | _a0.00 | ||
| 500 | _aLIBRARY HOLDINGS:19th and 23rd January | ||
| 650 | _aDAILY PARLIAMENTARY DEBATES | ||
| 995 |
_aSPECIAL COLLECTIONS _e03005291 _FCBU-MAIN LIBRARY (Kitwe) _I0.00 _jGOV.ZAM(05)DPD/1996/103A _M1 _UAVAILABLE _WMay 8, 2015 _y03005291 _ZZambiana Collection |
||
| 995 |
_aSPECIAL COLLECTIONS _e03005293 _FCBU-MAIN LIBRARY (Kitwe) _I0.00 _jGOV.ZAM(05)DPD/1996/103B _M2 _UAVAILABLE _WMay 8, 2015 _y03005293 _ZZambiana Collection |
||
| 999 |
_c80103 _d80103 |
||